| 000 | 01495cam a22003373a 4500 | ||
|---|---|---|---|
| 001 | 13543847 | ||
| 003 | OSt | ||
| 005 | 20230728125411.0 | ||
| 008 | 040331s2005 caua b 001 0 eng d | ||
| 010 | _a 2004104856 | ||
| 020 | _a0534630464 | ||
| 035 | _a(CStRLIN)NYUGB13045212-B | ||
| 035 | _a(NNU)NYUb13045212 | ||
| 035 | _a(OCoLC)ocm56194200 | ||
| 040 |
_aCJG _cCJG _dDLC |
||
| 050 | 0 | 0 |
_aTK7881.4 _b.A48 2005 |
| 100 | 1 | _aAlten, Stanley R. | |
| 245 | 1 | 0 |
_aAudio in media / _cStanley R. Alten. |
| 250 | _a7th ed. | ||
| 260 |
_aBelmont, CA : _bThomson Wadsworth, _c2005. |
||
| 300 | _axxiii, 480 p. : | ||
| 504 | _aIncludes bibliographical references (p. 448-450) and index. | ||
| 650 | 0 |
_aSound _xRecording and reproducing. |
|
| 856 | 4 | 2 |
_3Contributor biographical information _uhttp://www.loc.gov/catdir/enhancements/fy1103/2004104856-b.html |
| 856 | 4 | 2 |
_3Publisher description _uhttp://www.loc.gov/catdir/enhancements/fy1103/2004104856-d.html |
| 856 | 4 | 1 |
_3Table of contents only _uhttp://www.loc.gov/catdir/enhancements/fy1103/2004104856-t.html |
| 906 |
_a7 _bcbc _ccopycat _d2 _eepcn _f20 _gy-gencatlg |
||
| 942 |
_2lcc _cBK |
||
| 999 |
_c20193 _d20192 |
||